01463agaaa2200289 45000010005000000030009000050050017000140070009000310080040000400400023000800410013001031000048001161300020001642450191001842500022003752600113003973000035005105080179005455110089007245200092008135380009009055460013009146500069009277000055009967000060010517000062011111001IT-RoPAU20220918181238.0d cvaizq50131s9999||||xx ||| | || ||und|| aIT-RoPAUcIT-RoPAU aITALIANO aVisconti LuchinogCodice regista SPICS: 626 aMORTE A VENEZIA aMORTE A VENEZIAcProdotto da: Visconti Luchino -- Sceneggiatura: Badalucco Nicola Visconti Luchino -- Diretto da: Visconti LuchinopMORTE A VENEZIA (Rif. Codice opera principale : V1001) aEdizione Standard a(ITALIA)bALFA CINEMATOGRAFICA / Distribuzione: SPF FIRENZEg"1971 (1° ed.: 1993 ; Ed. Lingua Orig.: 1971)" a16MMbsonoro, col.c135 minuti a"Fotografia: De Santis Pasquale; Montaggio: Mastroianni Ruggero; Musica: Mahler Gustav; Sceneggiatura: Badalucco Nicola Visconti Luchino; Scenografia: Scarfiotti Ferdinand; " a"Bogarde Dirk; Valli Romolo; Burns Mark; Ricci Nora; Berenson Marisa; Andre' Carole" aFILM A COLORI. PELLICOLA IN BUONO STATO. PER LA TRAMA VEDERE VIDEOCASSETTA: 9960/21625. aMONO aITALIANO aDRAMMATICOePELLICOLE CINEMA [16 MM]xCodice MATERIA SPICS: 9955 aMahler Gustave(musica)gCodice Musica SPICS: 4334 aVisconti Luchino e(regista)gCodice regista SPICS: 626 aVisconti Luchino e(soggetto)gCodice Soggetto SPICS: 626